000 00973cam a22002654a 4500
001 12445865
005 20180226071934.0
008 010619s2001 dcua b 001 0 eng
010 _a 2001003712
020 _a1559638702 (acidfree paper)
020 _a1559638710 (pbk. : acidfree paper)
040 _aDLC
_cDLC
_dDLC
041 _aeng
042 _apcc
043 _an-us---
080 _a363.70560973 SUS
082 0 0 _a363.70560973 SUS
_221
100 1 _a9
101 _aMJE
245 1 0 _aBetter environmental policy studies :
_cLawrence E. Susskind, Ravi K. Jain, Andrew O. Martyniuk.
504 _aIncludes bibliographical references (p. 163-174) and index.
906 _a7
_bcbc
_corignew
_d1
_eecip
_f20
_gy-gencatlg
942 _2ddc
_cBK
999 _c43450
_d43450